LIBRARY & INFORMATION CENTRE, KCAET, TAVANUR

ONLINE PUBLIC ACCESS CATALOGUE (OPAC)

Ente Swantham Yesu / (Record no. 879)

MARC details
000 -LEADER
fixed length control field 00398cam a2200169ua 4500
041 ## - LANGUAGE CODE
Language code of text/sound track or separate title mal
082 ## - DEWEY DECIMAL CLASSIFICATION NUMBER
Classification number 232
Item number SIN/EN
100 ## - MAIN ENTRY--AUTHOR NAME
Personal name Sinclair, Unton .
245 ## - TITLE STATEMENT
Title Ente Swantham Yesu /
260 ## - PUBLICATION, DISTRIBUTION, ETC. (IMPRINT)
Place of publication Thrissur :
Name of publisher Current Books ,
Year of publication 1957.
300 ## - PHYSICAL DESCRIPTION
Number of Pages 199 ; .
942 ## - ADDED ENTRY ELEMENTS (KOHA)
Koha item type Books
Holdings
Withdrawn status Lost status Damaged status Home library Current library Date acquired Full call number Accession Number Koha item type
Withdrawn     KAUAET Malayalam University 07/04/2012 232 1582 Books
free website counter